Fíčer v spravodajstve

Bibliographic Details
Main Author: Garberová, Blažena (Author)
Format: Article
Language:Slovak
ISBN:9788080687304
Subjects:

MARC

LEADER 00000nab a2200000 a 4500
001 vtls010070463
003 SK-MaSNL
005 20260303050824.0
008 100302c2008 xo r m 000 00slo
015 |a SNBRA2010/03SVKPO 
038 |a SVKPO 
040 |a SVKPOCL  |c slo  |e AACR2 
041 0 |a slo 
044 |a xo  |c SK 
080 |a 316.772.4  |2 2001 
080 |a 070.431  |2 2001 
080 |a 659.3  |2 2001 
080 |a 81'38  |2 2001 
100 1 |a Garberová, Blažena  |4 aut  |9 493915 
245 1 0 |a Fíčer v spravodajstve  |c Blažena Garberová 
504 |a Bibliogr. odkazy 
546 |a Res. angl. 
650 0 7 |a spravodajstvo  |2 svkpocl  |9 15209 
650 0 7 |a spravodajské žánre  |2 svkpocl  |9 1039504 
650 0 7 |a fíčer  |2 svkpocl  |9 1039505 
650 0 7 |a soft news  |2 svkpocl  |9 1039506 
650 0 7 |a mediálna komunikácia  |2 svkpocl  |9 66486 
773 0 |t Médiá a text II / Michal Bočák, Juraj Rusnák, (ed.)  |d Prešov : Prešovská univerzita ; Filozofická fakulta, 2008  |g S. 51-54  |z 9788080687304 
852 |a SVKPO  |b KIS3GCP 
958 |a SK 
958 |a NB 
999 |c 1709039  |d 1710969